Dvojramenný mlat z okolia Želiezoviec

Bibliographic Details
Main Author: Farkaš, Zdeněk, 1955- (Author)
Format: Article
Language:Slovak
PhysicalDescription:Obr. 2, res. nem.
ISBN:8088709091
Subjects:

MARC

LEADER 00000nab a2200000 a 4500
001 vtls000518291
003 SK-MaSNL
005 20260304093147.0
008 250425c1993 xo 0 slo
015 |a SNBRA19rr/mm-uuuuu 
035 |a CL0518429 
035 |a urn:nbn:sk:snk-abcyn 
035 |a (urnnbn)urn:nbn:sk:snk:ar-a04dy2 
035 |a (uuid)7978f357-50a1-4497-a7e9-3495f20f5cf9 
040 |a SNKBUCL  |b slo  |c SNKBUCL  |e AACR2 
041 0 |a slo 
044 |a xo  |c SK 
080 |a 903.21"634":902  |2 1981 
080 |a 902  |2 1981 
100 1 |a Farkaš, Zdeněk,  |d 1955-  |4 aut  |9 13441 
245 1 0 |a Dvojramenný mlat z okolia Želiezoviec  |c Zdeněk Farkaš 
300 |b Obr. 2, res. nem. 
650 0 7 |a industria kamenná brúsená  |2 snkbucl  |9 1304453 
650 0 7 |a mlaty dvojramenné  |2 snkbucl  |9 1387933 
650 0 7 |a neolit  |2 snkbucl  |9 51830 
651 7 |a Želiezovce (Slovensko)  |2 snkbucl  |9 58700 
655 7 |a články zo zborníkov  |2 snkbucl  |9 166140 
773 0 |t Archeologické výskumy a nálezy na Slovensku v roku 1992  |d Nitra : Archeologický ústav Slovenskej akadémie vied, 1993  |g S. 36  |z 8088709091 
850 |a Slovenská národná knižnica 
852 |a Slovenská národná knižnica 
954 |a odborná, vedecká literatúra pôvodná (slovenská)  |2 lita 
957 |a 5205 
958 |a article27 
958 |a RK 
958 |a OND 
958 |a EUIPO 
992 |a RZB 
999 |c 2821921  |d 2823851